01152nam a2200277Ia 4500003000400000005001700004008004100021020001800062040001800080041000800098082002000106100002600126245023300152250001200385260004400397300002900441650005700470650003900527650002900566650003800595700003200633700002900665942002700694999001900721952013400740OSt20250605093416.0210716s2017 xx 000 0 und d a9781786465344 cAIMIT LIBRARY aeng a005.7402 bSARD aSarka, Dejan.9212825 aSql server 2016 developers guide:bget the most out of the rich development capabilities of sql server 2016 to build efficient database applications for your organization /cBy Dejan Sarka, Milos Radivojevic and William Durkin. a1st ed. aMumbai :bPackt Publishing Ltd ,c2017. aix,596 p.;bPBc24.5 cm. aReview of sql server features for developers9212826 aJSON support in sql server9212827 aStretch database9212828 aTransact sql enhancements9212829 aRadivojevic, Milos.9212830 aDurkin, William.9212831 2ddccBKk005.7402 SARD c196258d196258 001040708MCAaAIMITbAIMITeKnowledge Worldg1599.00l0o005.7402 SARDpMCA15773r2026-05-23 00:00:00v1247.22w2021-07-16yBK